[Event "Titled Tuesday intern op 16th Jan Early"]
[Site "Chess.com INT"]
[Date "2024.01.16"]
[Round "7"]
[White "Bowden, Karl"]
[Black "Colas, Joshua"]
[Result "1-0"]
[WhiteElo "2348"]
[BlackElo "2232"]
[PlyCount "59"]
[EventDate "2024.01.16"]
[EventType "swiss (blitz)"]
[EventRounds "11"]
[EventCountry "USA"]
[SourceTitle "CB04_2024"]
[SourceDate "2023.10.16"]
[SourceVersion "1"]
[SourceVersionDate "2023.10.16"]
[SourceQuality "1"]

1. e4 c5 2. c3 Nf6 3. e5 Nd5 4. d4 cxd4 5. cxd4 d6 6. Nf3 Nc6 7. Bc4 Nb6 8. Bb5 dxe5 9. Nxe5 Qd5 10. Bxc6+ bxc6 11. 0-0 c5 12. dxc5 Qxe5 13. cxb6 axb6 14. Re1 Qc7 15. Nc3 Bb7 16. Nb5 Qc6 17. Nd6+ Kd7 18. Nxf7+ Ke8 19. Nd6+ Kd7 20. Nxb7+ Kc7 21. Bf4+ Kxb7 22. Rc1 Qb5 23. Rc7+ Ka6 24. a4 Qxb2 25. Qd3+ b5 26. axb5+ Qxb5 27. Rc6+ Ka5 28. Ra1+ Kb4 29. Rb1+ Ka4 30. Qxb5+ 1-0

[Event "Titled Tuesday intern op 16th Jan Early"]
[Site "Chess.com INT"]
[Date "2024.01.16"]
[Round "5"]
[White "Colas, Joshua"]
[Black "Sychev, Klementy"]
[Result "1/2-1/2"]
[WhiteElo "2232"]
[BlackElo "2542"]
[PlyCount "63"]
[EventDate "2024.01.16"]
[EventType "swiss (blitz)"]
[EventRounds "11"]
[EventCountry "USA"]
[SourceTitle "CB04_2024"]
[SourceDate "2023.10.16"]
[SourceVersion "1"]
[SourceVersionDate "2023.10.16"]
[SourceQuality "1"]

1. Nf3 Nf6 2. c4 g6 3. b3 c5 4. Bb2 Bg7 5. g3 Nc6 6. Bg2 h5 7. h4 0-0 8. 0-0 d6 9. d4 Ne4 10. Nbd2 Bf5 11. Nxe4 Bxe4 12. e3 d5 13. Qe2 cxd4 14. Nxd4 Bxg2 15. Kxg2 dxc4 16. Nxc6 Qd5+ 17. Qf3 bxc6 18. Bxg7 Kxg7 19. bxc4 Qc5 20. Rfd1 Rfd8 21. Qe4 Rab8 22. Rab1 Rxb1 23. Rxd8 Rb4 24. Rd7 e5 25. Qf3 Qxc4 26. Rxa7 Rb1 27. Kh2 Ra1 28. a3 Ra2 29. Kg2 Ra1 30. Kh2 Ra2 31. Kg2 Ra1 32. Kh2 1/2-1/2

[Event "Titled Tuesday intern op 16th Jan Early"]
[Site "Chess.com INT"]
[Date "2024.01.16"]
[Round "4"]
[White "Sevian, Samuel"]
[Black "Colas, Joshua"]
[Result "1-0"]
[WhiteElo "2697"]
[BlackElo "2232"]
[PlyCount "117"]
[EventDate "2024.01.16"]
[EventType "swiss (blitz)"]
[EventRounds "11"]
[EventCountry "USA"]
[SourceTitle "CB04_2024"]
[SourceDate "2023.10.16"]
[SourceVersion "1"]
[SourceVersionDate "2023.10.16"]
[SourceQuality "1"]

1. e4 d5 2. exd5 Qxd5 3. d4 Nf6 4. c4 Qd8 5. Nc3 c6 6. Nf3 Bg4 7. Be2 e6 8. 0-0 Be7 9. h3 Bh5 10. Bf4 0-0 11. Re1 Nbd7 12. Qd2 Re8 13. Rad1 a5 14. Qc2 Bg6 15. Bd3 Bxd3 16. Rxd3 Nf8 17. Ne5 Ng6 18. Bh2 Nd7 19. Ne4 f6 20. Nf3 Qb6 21. b3 Rad8 22. Nc3 Bb4 23. Na4 Qa6 24. Red1 b5 25. Nb2 Nb6 26. h4 Ne7 27. h5 Nf5 28. d5 cxd5 29. cxd5 Nxd5 30. Rxd5 Rxd5 31. Rxd5 exd5 32. Qxf5 Qe6 33. Qb1 Qe4 34. Nd3 Bc3 35. Bf4 d4 36. a3 b4 37. a4 Qf5 38. h6 g5 39. Bg3 Re2 40. Qd1 Ra2 41. Kh2 Qg4 42. Nc1 Qh5+ 43. Bh4 Rxf2 44. Nd3 Rxf3 45. Qxf3 Qxh4+ 46. Kg1 Qxh6 47. Qd5+ Kg7 48. Qd7+ Kg8 49. Qd5+ Kg7 50. Qxa5 Qh5 51. Qf5 Qd1+ 52. Qf1 Qxb3 53. a5 Qd5 54. a6 b3 55. a7 b2 56. Nxb2 Bxb2 57. Qf3 Qa5 58. a8Q Qxa8 59. Qxa8 1-0

[Event "Titled Tuesday intern op 19th Sep Late"]
[Site "Chess.com INT"]
[Date "2023.09.19"]
[Round "7"]
[White "Colas, Joshua"]
[Black "Hirneise, Jens"]
[Result "1/2-1/2"]
[WhiteElo "2232"]
[BlackElo "2277"]
[PlyCount "141"]
[EventDate "2023.09.19"]
[EventType "swiss (blitz)"]
[EventRounds "11"]
[EventCountry "USA"]
[SourceTitle "EXT 2024"]
[Source "ChessBase"]
[SourceDate "2023.10.10"]
[SourceVersion "1"]
[SourceVersionDate "2023.10.10"]
[SourceQuality "1"]

1. Nf3 Nf6 2. c4 e6 3. g3 d5 4. Bg2 Be7 5. 0-0 0-0 6. b3 c5 7. Bb2 d4 8. e3 Nc6 9. exd4 cxd4 10. Re1 a5 11. Na3 Bc5 12. Nb5 Qb6 13. Ne5 Nxe5 14. Rxe5 Rd8 15. d3 Bd7 16. Rxc5 Qxc5 17. Bxd4 Qe7 18. Bb6 Rf8 19. d4 Bxb5 20. Bc5 Qd7 21. Bxf8 Rxf8 22. cxb5 Qxb5 23. Qf1 Qb6 24. Qc4 Rd8 25. Qc5 Qxc5 26. dxc5 Rc8 27. Bxb7 Rxc5 28. Bf3 Kf8 29. Kg2 Nd5 30. Rd1 Rc2 31. a4 Rc5 32. Rd4 Ke7 33. Bxd5 exd5 34. b4 axb4 35. Rxb4 Ra5 36. Kf3 Ke6 37. Ke3 Ke5 38. f4+ Kd6 39. Kd4 Ra6 40. Kc3 h5 41. Kb3 Kc6 42. Rb8 Kc5 43. Rc8+ Kd4 44. Kb4 Rb6+ 45. Ka3 Ke3 46. a5 Rb1 47. Ra8 d4 48. a6 d3 49. a7 Kf2 50. Ka2 Rb6 51. Rd8 Ra6+ 52. Kb3 Rxa7 53. Rxd3 Kg2 54. h4 Re7 55. Kc4 Kf2 56. Kd5 g6 57. Kd6 Re6+ 58. Kd7 Re3 59. Rxe3 Kxe3 60. Ke7 Kf3 61. Kxf7 Kxg3 62. Kxg6 Kxf4 63. Kxh5 Kf5 64. Kh6 Kf6 65. Kh7 Kf7 66. h5 Kf8 67. h6 Kf7 68. Kh8 Kf8 69. Kh7 Kf7 70. Kh8 Kf8 71. Kh7 1/2-1/2

[Event "Titled Tuesday intern op 19th Sep Late"]
[Site "Chess.com INT"]
[Date "2023.09.19"]
[Round "2"]
[White "Colas, Joshua"]
[Black "Hoffmann, Asa"]
[Result "1-0"]
[WhiteElo "2232"]
[BlackElo "2185"]
[PlyCount "81"]
[EventDate "2023.09.19"]
[EventType "swiss (blitz)"]
[EventRounds "11"]
[EventCountry "USA"]
[SourceTitle "EXT 2024"]
[Source "ChessBase"]
[SourceDate "2023.10.10"]
[SourceVersion "1"]
[SourceVersionDate "2023.10.10"]
[SourceQuality "1"]

1. d4 Nf6 2. Nc3 d6 3. g3 c6 4. Bg2 Nbd7 5. Nf3 e5 6. 0-0 e4 7. Ng5 d5 8. f3 h6 9. Nh3 Nb6 10. fxe4 dxe4 11. Nf4 g5 12. Nh3 Bg7 13. Nf2 Bf5 14. e3 Qe7 15. a4 Bg6 16. b3 Nbd5 17. Nxd5 cxd5 18. c4 Qd6 19. Ba3 Qe6 20. Bh3 Qb6 21. Bc5 Qc6 22. Ng4 Nd7 23. Ba3 Bf8 24. cxd5 Qxd5 25. Bxf8 Kxf8 26. Rc1 Kg7 27. Rc7 Rad8 28. Qd2 h5 29. Nf2 g4 30. Bg2 Ne5 31. Qb4 Nf3+ 32. Bxf3 exf3 33. Qxb7 Qxb7 34. Rxb7 Rhe8 35. Nd1 Bd3 36. Re1 Be2 37. Kf2 Rc8 38. Rxe2 fxe2 39. Kxe2 Rc2+ 40. Kf1 Rxh2 41. Nf2 1-0

[Event "Titled Tuesday intern op 19th Sep Late"]
[Site "Chess.com INT"]
[Date "2023.09.19"]
[Round "3"]
[White "Colas, Joshua"]
[Black "Jarocka, Liwia"]
[Result "1-0"]
[WhiteElo "2232"]
[BlackElo "2208"]
[PlyCount "99"]
[EventDate "2023.09.19"]
[EventType "swiss (blitz)"]
[EventRounds "11"]
[EventCountry "USA"]
[SourceTitle "EXT 2024"]
[Source "ChessBase"]
[SourceDate "2023.10.10"]
[SourceVersion "1"]
[SourceVersionDate "2023.10.10"]
[SourceQuality "1"]

1. Nf3 g6 2. d4 Bg7 3. g3 d6 4. Bg2 Nf6 5. 0-0 0-0 6. c4 Nc6 7. Nc3 Bg4 8. d5 Bxf3 9. exf3 Na5 10. Qd3 c5 11. Rb1 Nd7 12. f4 a6 13. Bd2 Rb8 14. Rfe1 Re8 15. b3 b6 16. h4 Nb7 17. h5 Qc7 18. hxg6 hxg6 19. f5 Ne5 20. Qc2 gxf5 21. f4 Ng6 22. Qxf5 Qc8 23. Qxc8 Rbxc8 24. Bh3 Rc7 25. Bf1 Bd4+ 26. Kg2 Kg7 27. Na4 b5 28. cxb5 axb5 29. Bxb5 Rh8 30. Bc3 Bxc3 31. Nxc3 Na5 32. Re4 Nb7 33. a4 Na5 34. Bc4 Rb8 35. Nb5 Rcc8 36. Bd3 Rh8 37. Re2 Rh7 38. Bxg6 Kxg6 39. Rxe7 Rbh8 40. Nxd6 Rh2+ 41. Kf3 Rc2 42. Rxf7 Rhh2 43. f5+ Kh6 44. Rf6+ Kh7 45. Ne4 c4 46. bxc4 Nxc4 47. Rb7+ Kg8 48. Rb8+ Kh7 49. Ng5+ Kg7 50. Rg6# 1-0

[Event "Titled Tuesday intern op 19th Sep Late"]
[Site "Chess.com INT"]
[Date "2023.09.19"]
[Round "9"]
[White "Colas, Joshua"]
[Black "Mesquita, Eduardo Barbosa"]
[Result "0-1"]
[WhiteElo "2232"]
[BlackElo "2008"]
[PlyCount "68"]
[EventDate "2023.09.19"]
[EventType "swiss (blitz)"]
[EventRounds "11"]
[EventCountry "USA"]
[SourceTitle "EXT 2024"]
[Source "ChessBase"]
[SourceDate "2023.10.10"]
[SourceVersion "1"]
[SourceVersionDate "2023.10.10"]
[SourceQuality "1"]

1. Nf3 d5 2. c4 dxc4 3. e3 Nf6 4. Bxc4 a6 5. a4 c5 6. 0-0 Nbd7 7. a5 e6 8. Nc3 Bd6 9. d4 0-0 10. e4 cxd4 11. Qxd4 Qc7 12. Bg5 Bc5 13. Qd2 h6 14. Bf4 e5 15. Bg3 Bxf2+ 16. Rxf2 Qxc4 17. Nxe5 Nxe5 18. Bxe5 Nxe4 19. Qf4 f5 20. Ra4 Qf7 21. Nxe4 fxe4 22. Qxf7+ Rxf7 23. Rxe4 Bd7 24. Rxf7 Kxf7 25. Rf4+ Kg6 26. Rd4 Bc6 27. Rg4+ Kf5 28. Rxg7 Kxe5 29. h4 Kf6 30. Rg3 Rd8 31. h5 Be4 32. Re3 Kf5 33. Rb3 Rd2 34. g3 Rd5 0-1

[Event "Titled Tuesday intern op 19th Sep Late"]
[Site "Chess.com INT"]
[Date "2023.09.19"]
[Round "1"]
[White "Guzman Moneo, Alberto"]
[Black "Colas, Joshua"]
[Result "1-0"]
[WhiteElo "2170"]
[BlackElo "2232"]
[PlyCount "125"]
[EventDate "2023.09.19"]
[EventType "swiss (blitz)"]
[EventRounds "11"]
[EventCountry "USA"]
[SourceTitle "EXT 2024"]
[Source "ChessBase"]
[SourceDate "2023.10.10"]
[SourceVersion "1"]
[SourceVersionDate "2023.10.10"]
[SourceQuality "1"]

1. Nf3 d5 2. d4 Nf6 3. Bf4 e6 4. e3 Bd6 5. Bg3 0-0 6. c4 Nc6 7. Nc3 Qe7 8. c5 Bxg3 9. hxg3 e5 10. Be2 Bg4 11. Nxe5 Bxe2 12. Nxc6 bxc6 13. Qxe2 a5 14. b3 Nd7 15. Qh5 h6 16. Qg4 f5 17. Qf4 Rac8 18. g4 fxg4 19. Qxg4 Qf6 20. 0-0 Nxc5 21. Nxd5 cxd5 22. dxc5 c6 23. Rad1 Qb2 24. e4 dxe4 25. Rd6 e3 26. Qe6+ Kh8 27. Qxe3 Qxa2 28. Qc3 Kh7 29. Rd2 Qa3 30. Ra1 Qb4 31. Qxb4 axb4 32. Ra4 Rf4 33. Rd6 Rf5 34. Rxb4 Rxc5 35. Rg4 Rc7 36. b4 Rc1+ 37. Kh2 Rc2 38. f3 c5 39. b5 Rb2 40. b6 Rb7 41. Rc6 R2xb6 42. Rxc5 Rb4 43. Rxb4 Rxb4 44. Rc7 h5 45. Kg3 h4+ 46. Kh3 Kh6 47. Rc5 g5 48. Rc8 Rb1 49. Kh2 Rb2 50. Rc6+ Kh5 51. Rc8 Kg6 52. Rg8+ Kf5 53. Rf8+ Ke5 54. Rg8 Kf4 55. Rf8+ Ke3 56. Rf5 g4 57. fxg4 Ke4 58. Kh3 Ra2 59. Rf8 Ke5 60. g5 Ra3+ 61. Kxh4 Ke6 62. g6 Ra4+ 63. g4 1-0

[Event "Titled Tuesday intern op 19th Sep Late"]
[Site "Chess.com INT"]
[Date "2023.09.19"]
[Round "8"]
[White "Swicarz, Maciej"]
[Black "Colas, Joshua"]
[Result "0-1"]
[WhiteElo "2261"]
[BlackElo "2232"]
[PlyCount "56"]
[EventDate "2023.09.19"]
[EventType "swiss (blitz)"]
[EventRounds "11"]
[EventCountry "USA"]
[SourceTitle "EXT 2024"]
[Source "ChessBase"]
[SourceDate "2023.10.10"]
[SourceVersion "1"]
[SourceVersionDate "2023.10.10"]
[SourceQuality "1"]

1. e4 c5 2. Nf3 d6 3. Bb5+ Nd7 4. a4 Ngf6 5. Nc3 g6 6. 0-0 Bg7 7. Re1 0-0 8. h3 a6 9. Bf1 b6 10. d4 cxd4 11. Nxd4 Bb7 12. Bg5 h6 13. Bh4 Rc8 14. Rc1 Ne5 15. Bxf6 Bxf6 16. Nd5 Bg7 17. b3 e6 18. Nf4 Qg5 19. Ndxe6 fxe6 20. Nxe6 Qf6 21. Nxf8 Rxf8 22. f3 Qg5 23. Kh1 h5 24. Qxd6 Qg3 25. Qxb6 Bh6 26. Qxb7 Bf4 27. Kg1 Nxf3+ 28. Kh1 Qh2# 0-1

[Event "Titled Tuesday intern op 12th Sep Late"]
[Site "Chess.com INT"]
[Date "2023.09.12"]
[Round "1"]
[White "Colas, Joshua"]
[Black "Kula, Robert"]
[Result "1-0"]
[WhiteElo "2232"]
[BlackElo "2284"]
[PlyCount "153"]
[EventDate "2023.09.12"]
[EventType "swiss (blitz)"]
[EventRounds "11"]
[EventCountry "USA"]
[SourceTitle "EXT 2024"]
[Source "ChessBase"]
[SourceDate "2023.10.10"]
[SourceVersion "1"]
[SourceVersionDate "2023.10.10"]
[SourceQuality "1"]

1. d4 d5 2. Nc3 Nf6 3. Bf4 c6 4. e3 Bf5 5. f3 e6 6. g4 Bg6 7. h4 h5 8. g5 Nfd7 9. Bd3 Bxd3 10. Qxd3 g6 11. 0-0-0 Bg7 12. e4 0-0 13. Nge2 Na6 14. Bd6 Re8 15. f4 Nb6 16. Be5 Nb4 17. Qf3 dxe4 18. Nxe4 Nxa2+ 19. Kb1 Nb4 20. Nf6+ Bxf6 21. gxf6 Qd5 22. Qa3 a5 23. Nc3 Qg2 24. Qb3 N6d5 25. Rhg1 Qf2 26. Ne4 Qe2 27. Ng3 a4 28. Nxe2 axb3 29. cxb3 Ne3 30. Rc1 Ra6 31. Nc3 Rea8 32. Na4 b5 33. f5 exf5 34. Bd6 bxa4 35. Bxb4 axb3 36. Ba3 Nc2 37. Rxc2 bxc2+ 38. Kxc2 Ra4 39. Bc5 Re8 40. Kb3 Ra6 41. Kc4 Re6 42. b4 Rxf6 43. d5 cxd5+ 44. Kxd5 Rfe6 45. b5 Ra2 46. Rb1 Rd2+ 47. Kc4 Rc2+ 48. Kd5 Ree2 49. b6 Red2+ 50. Kc6 Rb2 51. Rxb2 Rxb2 52. b7 f6 53. Bb6 g5 54. b8Q+ Kf7 55. hxg5 fxg5 56. Qb7+ Kg6 57. Qc8 Rc2+ 58. Bc5 h4 59. Qe6+ Kh5 60. Qxf5 Rc3 61. Qf7+ Kg4 62. Qe6+ Kg3 63. Qe5+ Kg4 64. Qxc3 h3 65. Qd4+ Kh5 66. Qd1+ g4 67. Qg1 Kh4 68. Bf2+ Kg5 69. Qg3 Kf5 70. Kd5 Kg5 71. Ke5 Kg6 72. Qxg4+ Kf7 73. Qxh3 Kg6 74. Be3 Kf7 75. Qh7+ Ke8 76. Ke6 Kd8 77. Qd7# 1-0

[Event "Titled Tuesday intern op 12th Sep Late"]
[Site "Chess.com INT"]
[Date "2023.09.12"]
[Round "11"]
[White "Wagner, Dennis"]
[Black "Colas, Joshua"]
[Result "0-1"]
[WhiteElo "2589"]
[BlackElo "2232"]
[PlyCount "84"]
[EventDate "2023.09.12"]
[EventType "swiss (blitz)"]
[EventRounds "11"]
[EventCountry "USA"]
[SourceTitle "EXT 2024"]
[Source "ChessBase"]
[SourceDate "2023.10.10"]
[SourceVersion "1"]
[SourceVersionDate "2023.10.10"]
[SourceQuality "1"]

1. e4 d5 2. exd5 Qxd5 3. Nc3 Qd6 4. d4 a6 5. Nf3 Nf6 6. Ne5 Nc6 7. Nxc6 Qxc6 8. d5 Qd7 9. Qf3 g6 10. Bg5 Bg7 11. 0-0-0 0-0 12. h4 Qf5 13. Be2 Qxf3 14. Bxf3 Rb8 15. Rhe1 Re8 16. Bf4 Bf5 17. Bxc7 Rbc8 18. d6 exd6 19. Rxe8+ Nxe8 20. Bb6 Bxc3 21. bxc3 Rxc3 22. Bd4 Rxc2+ 23. Kb1 Rxf2+ 24. Ka1 Rc2 25. h5 Be6 26. h6 Rxa2+ 27. Kb1 Ra3 28. Rc1 Rb3+ 29. Ka1 Kf8 30. Bf2 a5 31. Bd1 Ra3+ 32. Kb2 Ra2+ 33. Kb1 Rxf2 34. Bf3 b5 35. Rc2 Bf5 36. Be4 Bxe4 37. g4 Rxc2 38. g5 a4 39. Ka1 b4 40. Kb1 b3 41. Ka1 a3 42. Kb1 Rc3+ 0-1

[Event "Titled Tuesday intern op 29th Aug Late"]
[Site "Chess.com INT"]
[Date "2023.08.29"]
[Round "2"]
[White "Colas, Joshua"]
[Black "Nasta, Kiren Vivek"]
[Result "1-0"]
[WhiteElo "2232"]
[BlackElo "2057"]
[PlyCount "85"]
[EventDate "2023.08.29"]
[EventType "swiss (blitz)"]
[EventRounds "11"]
[EventCountry "USA"]
[SourceTitle "EXT 2024"]
[Source "ChessBase"]
[SourceDate "2023.10.10"]
[SourceVersion "1"]
[SourceVersionDate "2023.10.10"]
[SourceQuality "1"]

1. Nf3 Nf6 2. c4 g6 3. b3 Bg7 4. Bb2 0-0 5. g3 d6 6. d4 e5 7. dxe5 dxe5 8. Qxd8 Rxd8 9. Nxe5 Ng4 10. Nd3 Bxb2 11. Nxb2 Nc6 12. h3 Nb4 13. Na3 Nf6 14. Bg2 c6 15. g4 Be6 16. g5 Nh5 17. Be4 Rd4 18. Bb1 Rad8 19. Nc2 Nxc2+ 20. Bxc2 Rd2 21. Rd1 Rxd1+ 22. Nxd1 Nf4 23. e3 Nxh3 24. f4 Kg7 25. Be4 Bf5 26. Bxf5 Rxd1+ 27. Kxd1 Nf2+ 28. Ke2 Nxh1 29. Bc8 Ng3+ 30. Kf3 Nf5 31. Bxb7 c5 32. Bc8 Nd6 33. Bh3 Kf8 34. e4 Ke7 35. e5 Nb7 36. Ke4 Na5 37. Kd5 Nb7 38. Kc6 Nd8+ 39. Kxc5 Nb7+ 40. Kc6 Nd8+ 41. Kc7 Ne6+ 42. Bxe6 Kxe6 43. c5 1-0

[Event "Titled Tuesday intern op 29th Aug Late"]
[Site "Chess.com INT"]
[Date "2023.08.29"]
[Round "1"]
[White "Fernandez Bustamante, Leancy B"]
[Black "Colas, Joshua"]
[Result "1-0"]
[WhiteElo "2059"]
[BlackElo "2232"]
[PlyCount "67"]
[EventDate "2023.08.29"]
[EventType "swiss (blitz)"]
[EventRounds "11"]
[EventCountry "USA"]
[SourceTitle "EXT 2024"]
[Source "ChessBase"]
[SourceDate "2023.10.10"]
[SourceVersion "1"]
[SourceVersionDate "2023.10.10"]
[SourceQuality "1"]

1. e4 g6 2. Nf3 Bg7 3. d4 d6 4. Nc3 a6 5. h3 b5 6. a3 Bb7 7. Bd3 Nd7 8. Bg5 Ngf6 9. Qd2 c5 10. 0-0-0 cxd4 11. Nxd4 Rc8 12. f3 b4 13. axb4 Qb6 14. Nce2 d5 15. Rhe1 dxe4 16. fxe4 Nxe4 17. Bxe4 Bxe4 18. Nc3 Qxd4 19. Qxd4 Bxd4 20. Rxd4 Bf5 21. Bxe7 Be6 22. Nd5 h5 23. c4 h4 24. Bxh4 Rh5 25. Nf4 Rxh4 26. Nxe6 Rxd4 27. Nxd4+ Kd8 28. c5 a5 29. c6 axb4 30. Kd2 Nb8 31. Rc1 Kc7 32. Kd3 Rd8 33. Ke4 Rd6 34. Nb5+ 1-0

[Event "Titled Tuesday intern op 15th Aug Early"]
[Site "Chess.com INT"]
[Date "2023.08.15"]
[Round "9"]
[White "Goncharov, Vladimir"]
[Black "Colas, Joshua"]
[Result "0-1"]
[WhiteElo "2077"]
[BlackElo "2232"]
[PlyCount "122"]
[EventDate "2023.08.15"]
[EventType "swiss (blitz)"]
[EventRounds "11"]
[EventCountry "USA"]
[SourceTitle "EXT 2024"]
[Source "ChessBase"]
[SourceDate "2023.10.10"]
[SourceVersion "1"]
[SourceVersionDate "2023.10.10"]
[SourceQuality "1"]

1. d4 Nf6 2. c4 e6 3. Nf3 b6 4. g3 Bb7 5. Bg2 Bb4+ 6. Nbd2 0-0 7. 0-0 d5 8. a3 Be7 9. Qc2 Ne4 10. cxd5 exd5 11. b4 Nd7 12. Bb2 Rc8 13. Rfd1 c5 14. dxc5 Nxd2 15. Qxd2 bxc5 16. Bh3 cxb4 17. axb4 Ra8 18. Nd4 Nb6 19. Nf5 Nc4 20. Nxe7+ Qxe7 21. Qd4 Nxb2 22. Qxb2 a6 23. Bg2 Rab8 24. Rd4 Rfd8 25. e3 h6 26. h4 Rd6 27. Qd2 Rb6 28. Ra5 Bc6 29. Rc5 a5 30. bxa5 Qxc5 31. axb6 Rxb6 32. Kh2 Rb5 33. g4 g6 34. Kg3 Kg7 35. g5 Qd6+ 36. f4 hxg5 37. hxg5 Qa3 38. Rd3 Qc5 39. Qc3+ Qxc3 40. Rxc3 Bd7 41. Rd3 Be6 42. Bf3 f6 43. gxf6+ Kxf6 44. Kf2 Rb2+ 45. Kg3 Rb5 46. Rd4 g5 47. fxg5+ Kxg5 48. Be2 Rb3 49. Kf2 Kf5 50. Bd3+ Ke5 51. Ke2 Rb2+ 52. Ke1 Bd7 53. Be2 Rb3 54. Kd2 Bf5 55. Ke1 Rxe3 56. Rh4 Bd3 57. Rh5+ Kd4 58. Rh4+ Kc3 59. Kd1 Bxe2+ 60. Kc1 Bd3 61. Rh1 Rf3 0-1

[Event "Titled Tuesday intern op 18th Jul Early"]
[Site "Chess.com INT"]
[Date "2023.07.18"]
[Round "2"]
[White "Colas, Joshua"]
[Black "Chernyavsky, Alexander"]
[Result "0-1"]
[WhiteElo "2294"]
[BlackElo "2318"]
[PlyCount "58"]
[EventDate "2023.07.18"]
[EventType "swiss (blitz)"]
[EventRounds "11"]
[EventCountry "USA"]
[SourceTitle "EXT 2024"]
[Source "ChessBase"]
[SourceDate "2023.10.10"]
[SourceVersion "1"]
[SourceVersionDate "2023.10.10"]
[SourceQuality "1"]

1. Nf3 Nf6 2. c4 g6 3. b3 Bg7 4. Bb2 0-0 5. g3 d6 6. d4 a5 7. Nc3 Nbd7 8. Bg2 e5 9. dxe5 dxe5 10. 0-0 c6 11. Qc2 Qc7 12. Rad1 Re8 13. Ng5 Nc5 14. Ba3 Bf8 15. h3 h6 16. Nf3 Bf5 17. Qb2 a4 18. Bxc5 Bxc5 19. Nxa4 Ba7 20. c5 Nd7 21. b4 Be6 22. Nd2 Bb8 23. Nc3 f5 24. e4 f4 25. gxf4 exf4 26. Nf3 Ne5 27. Nd4 Bc4 28. Rfe1 f3 29. Nxf3 Nxf3+ 0-1

[Event "Titled Tuesday intern op 18th Jul Early"]
[Site "Chess.com INT"]
[Date "2023.07.18"]
[Round "3"]
[White "Colas, Joshua"]
[Black "Phillips, Rene"]
[Result "1-0"]
[WhiteElo "2294"]
[BlackElo "1852"]
[PlyCount "41"]
[EventDate "2023.07.18"]
[EventType "swiss (blitz)"]
[EventRounds "11"]
[EventCountry "USA"]
[SourceTitle "EXT 2024"]
[Source "ChessBase"]
[SourceDate "2023.10.10"]
[SourceVersion "1"]
[SourceVersionDate "2023.10.10"]
[SourceQuality "1"]

1. d4 Nc6 2. Nc3 e5 3. d5 Nce7 4. e4 Ng6 5. Be3 Bb4 6. Nge2 Nf6 7. f3 d6 8. a3 Ba5 9. Qd2 Bb6 10. 0-0-0 h6 11. g3 0-0 12. Bg2 Bd7 13. h4 Nh5 14. Bxh6 gxh6 15. Qxh6 Nhf4 16. gxf4 Nxf4 17. Nxf4 Be3+ 18. Kb1 Bxf4 19. Qh5 Qf6 20. Bh3 Bxh3 21. Rdg1+ 1-0

[Event "Titled Tuesday intern op 18th Jul Early"]
[Site "Chess.com INT"]
[Date "2023.07.18"]
[Round "5"]
[White "Colas, Joshua"]
[Black "Vivas Zamora, Fabian Ernesto"]
[Result "1-0"]
[WhiteElo "2294"]
[BlackElo "2346"]
[PlyCount "53"]
[EventDate "2023.07.18"]
[EventType "swiss (blitz)"]
[EventRounds "11"]
[EventCountry "USA"]
[SourceTitle "EXT 2024"]
[Source "ChessBase"]
[SourceDate "2023.10.10"]
[SourceVersion "1"]
[SourceVersionDate "2023.10.10"]
[SourceQuality "1"]

1. d4 Nf6 2. Nc3 d5 3. Bf4 g6 4. e3 Bg7 5. h4 h5 6. Nf3 0-0 7. Ne5 c5 8. Be2 cxd4 9. exd4 Nc6 10. Nxc6 bxc6 11. Be5 Bf5 12. 0-0 Ne4 13. Bxg7 Nxc3 14. bxc3 Kxg7 15. c4 e6 16. g3 Rb8 17. Rb1 Rxb1 18. Qxb1 dxc4 19. Qb2 Qd5 20. Qc3 Rd8 21. Rd1 c5 22. dxc5+ Kg8 23. Rxd5 Rxd5 24. Qxc4 Rd2 25. c6 Rxc2 26. Qxc2 Bxc2 27. c7 1-0

[Event "Titled Tuesday intern op 18th Jul Early"]
[Site "Chess.com INT"]
[Date "2023.07.18"]
[Round "4"]
[White "Rian, Kapriaga"]
[Black "Colas, Joshua"]
[Result "0-1"]
[WhiteElo "2089"]
[BlackElo "2294"]
[PlyCount "66"]
[EventDate "2023.07.18"]
[EventType "swiss (blitz)"]
[EventRounds "11"]
[EventCountry "USA"]
[SourceTitle "EXT 2024"]
[Source "ChessBase"]
[SourceDate "2023.10.10"]
[SourceVersion "1"]
[SourceVersionDate "2023.10.10"]
[SourceQuality "1"]

1. d4 Nf6 2. Nf3 d5 3. Bf4 e6 4. Nbd2 Bd6 5. Bg5 Nbd7 6. e4 dxe4 7. Nxe4 Be7 8. Bxf6 Nxf6 9. Bd3 c5 10. Nxc5 Bxc5 11. dxc5 Qa5+ 12. c3 Qxc5 13. 0-0 0-0 14. Qe2 b6 15. Ba6 Qa5 16. Bxc8 Raxc8 17. Rfd1 h6 18. h3 Rfd8 19. Ne5 Rxd1+ 20. Rxd1 Qxa2 21. Rd2 Qb1+ 22. Kh2 Qf5 23. Nf3 Nd5 24. Qa6 Rc7 25. Qb5 Kh7 26. c4 Qf4+ 27. Kg1 Qxc4 28. Qe8 Qf4 29. Rd1 Rc2 30. b3 Nc3 31. Re1 Ne2+ 32. Kf1 Nd4 33. Qd7 Nxf3 0-1

[Event "New York Summer 1000 GM IM-B"]
[Site "New York"]
[Date "2023.07.10"]
[Round "9.1"]
[White "Colas, Joshua"]
[Black "Espinosa, Pedro"]
[Result "0-1"]
[WhiteElo "2294"]
[BlackElo "2263"]
[PlyCount "58"]
[EventDate "2023.07.06"]
[EventType "schev"]
[EventRounds "9"]
[EventCountry "USA"]
[SourceTitle "CBM 215 Extra"]
[Source "ChessBase"]
[SourceDate "2023.09.30"]
[SourceVersion "1"]
[SourceVersionDate "2023.09.30"]
[SourceQuality "1"]
[WhiteTeam "Team C"]
[BlackTeam "Team B"]
[WhiteTeamCountry "USA"]
[BlackTeamCountry "USA"]

1. d4 d5 2. Nf3 Nf6 3. Bf4 c5 4. e3 Nc6 5. Nc3 Bg4 6. Be2 e6 7. 0-0 Be7 8. Ne5 Nxe5 9. dxe5 Bxe2 10. Qxe2 Nd7 11. Qg4 g5 12. Bxg5 Bxg5 13. f4 Bh6 14. Qh5 Bg7 15. f5 Nxe5 16. Rad1 Qe7 17. fxe6 Qxe6 18. Nxd5 0-0-0 19. e4 Qg4 20. Qxg4+ Nxg4 21. c3 Rd7 22. h3 Ne5 23. Rf5 Nc4 24. b3 Nd6 25. Rg5 f6 26. Rh5 Nxe4 27. c4 Ng3 28. Rh4 f5 29. Re1 Bd4+ 0-1

[Event "New York Summer 1000 GM IM-B"]
[Site "New York"]
[Date "2023.07.09"]
[Round "7.1"]
[White "Colas, Joshua"]
[Black "Lee, Justin"]
[Result "1/2-1/2"]
[WhiteElo "2294"]
[BlackElo "2257"]
[PlyCount "47"]
[EventDate "2023.07.06"]
[EventType "schev"]
[EventRounds "9"]
[EventCountry "USA"]
[SourceTitle "CBM 215 Extra"]
[Source "ChessBase"]
[SourceDate "2023.09.30"]
[SourceVersion "1"]
[SourceVersionDate "2023.09.30"]
[SourceQuality "1"]
[WhiteTeam "Team C"]
[BlackTeam "Team D"]
[WhiteTeamCountry "USA"]
[BlackTeamCountry "USA"]

1. c4 e5 2. Nc3 Bb4 3. g3 Bxc3 4. dxc3 d6 5. Bg2 Ne7 6. Nf3 Nbc6 7. e4 Be6 8. b3 h6 9. Be3 b6 10. Qc2 Qd7 11. h3 f5 12. 0-0-0 0-0 13. Nh4 Rae8 14. exf5 Nxf5 15. Nxf5 Bxf5 16. Be4 Ne7 17. g4 Bxe4 18. Qxe4 Qc6 19. Qxc6 Nxc6 20. b4 Rd8 21. Kc2 Ne7 22. Rd2 Kf7 23. Re1 Ng6 24. a4 1/2-1/2